Gaming Quiz

Random Gaming or Video Games Quiz
Score 0/136 Timer 15:00
0 Plays Today
Hint Answer % Correct
Grand Theft AutoGrand Theft Auto 2
74.7%
MarioMario Bros.
72.7%
Guitar HeroGuitar Hero
72.7%
Grand Theft AutoGrand Theft Auto III
72.7%
Grand Theft AutoGrand Theft Auto: Vice City
71.3%
MarioSuper Mario Galaxy 2
70.7%
The Legend of ZeldaThe Legend of Zelda: Twilight Princess
70.7%
MarioSuper Mario Bros. 2
69.3%
Call of DutyCall of Duty: Black Ops
69.3%
Call of DutyCall of Duty
68.7%
The Legend of ZeldaThe Legend of Zelda: Ocarina of Time
67.3%
The Legend of ZeldaThe Legend of Zelda: A Link to the Past
66.7%
Call of DutyCall of Duty 2
66%
Call of DutyCall of Duty 4: Modern Warfare
66%
The Legend of ZeldaThe Legend of Zelda: Majora's Mask
62%
Grand Theft AutoGrand Theft Auto: San Andreas
60.7%
MarioSuper Mario Sunshine
59.3%
Grand Theft AutoGrand Theft Auto: Vice City Stories
59.3%
The Legend of ZeldaThe Legend of Zelda
59.3%
The Legend of ZeldaZelda II: The Adventure of Link
58.7%
MarioYoshi's Island
58%
Guitar HeroBand Hero
58%
Grand Theft AutoGrand Theft Auto: London, 1961
58%
MarioDonkey Kong
57.3%
MarioSuper Mario 64
57.3%
Grand Theft AutoGrand Theft Auto: The Ballad of Gay Tony
55.3%
MarioNew Super Mario Bros. Wii
54%
Call of DutyCall of Duty 3
54%
MarioThe Lost Levels
53.3%
Need for SpeedNeed for Speed World
53.3%
MarioSuper Mario Bros. 3
52.7%
Guitar HeroGuitar Hero II
52%
The SimsThe Sims: Makin' Magic
51.3%
Dragon QuestDragon Quest VIII: Journey of the Cursed King
50.7%
The Legend of ZeldaThe Legend of Zelda: Four Swords Adventures
49.3%
Donkey KongDonkey Kong Country
48.7%
Guitar HeroGuitar Hero III: Legends of Rock
45.3%
Call of DutyCall of Duty: World at War
44.7%
Donkey KongDonkey Kong 3
44.7%
Donkey KongDonkey Kong Country 3: Dixie Kong's Double Trouble!
44.7%
Donkey KongDonkey Kong Country 2: Diddy's Kong Quest
43.3%
MarioSuper Mario Galaxy
41.3%
MarioSuper Mario World
40.7%
The Sims 2The Sims 2: Apartment Life
38%
Guitar HeroGuitar Hero: Warriors of Rock
38%
Grand Theft AutoGrand Theft Auto IV
38%
Hint Answer % Correct
Donkey KongDonkey Kong
37.3%
Guitar HeroGuitar Hero: Van Halen
36.7%
Guitar HeroGuitar Hero World Tour
35.3%
Grand Theft AutoGrand Theft Auto: Liberty City Stories
35.3%
Guitar HeroGuitar Hero: Aerosmith
34%
MarioSuper Mario Bros.
33.3%
Need for SpeedNeed for Speed: Hot Pursuit 2
32.7%
Tom Clancy's Ghost Recon/Splinter CellTom Clancy's Ghost Recon Advanced Warfighter 2
32.7%
The Legend of ZeldaThe Legend of Zelda: The Wind Waker
30.7%
Total WarRome: Total War
30%
Grand Theft AutoGrand Theft Auto
29.3%
Grand Theft AutoGrand Theft Auto: The Lost and Damned
28.7%
The Sims 2The Sims 2
27.3%
Need for SpeedNeed for Speed: Underground
26.7%
Call of DutyCall of Duty: World at War: Final Fronts
26%
Tom Clancy's Ghost Recon/Splinter CellTom Clancy's Splinter Cell
26%
Donkey KongDonkey Kong 64
25.3%
The SimsThe Sims
24.7%
Donkey KongDonkey Kong Jr
24%
Need for SpeedNeed for Speed: Most Wanted
23.3%
Tom Clancy's Ghost Recon/Splinter CellTom Clancy's Splinter Cell: Pandora Tomorrow
23.3%
Tom Clancy's Ghost Recon/Splinter CellTom Clancy's Splinter Cell: Conviction
22%
Guitar HeroGuitar Hero 5
21.3%
Need for SpeedThe Need for Speed
20.7%
Need for SpeedNeed for Speed II
20.7%
Need for SpeedNeed for Speed: Underground 2
19.3%
Call of DutyCall of Duty: Modern Warfare 2
19.3%
The Sims 2The Sims 2 : Open for Business
18.7%
Tom Clancy's Ghost Recon/Splinter CellTom Clancy's Splinter Cell: Chaos Theory
18.7%
Call of DutyCall of Duty: Finest Hour
17.3%
Tom Clancy's Ghost Recon/Splinter CellTom Clancy's Ghost Recon: Jungle Storm
17.3%
Total WarShogun: Total War
16.7%
Need for SpeedNeed for Speed: Undercover
16.7%
Guitar HeroGuitar Hero: Metallica
16.7%
The SimsThe Sims: House Party
16%
The SimsThe Sims: Hot Date
16%
Tom Clancy's Ghost Recon/Splinter CellTom Clancy's Splinter Cell: Double Agent
16%
Dragon QuestDragon Warrior II
15.3%
Donkey KongDonkey Konga 2
15.3%
Total WarMedieval: Total War
14.7%
Dragon QuestDragon Warrior
14.7%
Total WarEmpire: Total War
14%
Total WarNapoleon: Total War
14%
Donkey KongDonkey Konga
14%
Tom Clancy's Ghost Recon/Splinter CellTom Clancy's Ghost Recon
12%
The SimsThe Sims: Livin' Large
11.3%
Hint Answer % Correct
Need for SpeedNeed for Speed III: Hot Pursuit
11.3%
Tom Clancy's Ghost Recon/Splinter CellTom Clancy's Ghost Recon Advanced Warfighter
11.3%
Tom Clancy's Ghost Recon/Splinter CellTom Clancy's Ghost Recon 2
10.7%
Donkey KongDonkey Kong Country Returns
10.7%
The Sims 2The Sims 2: University
10%
The SimsThe Sims: Vacation
10%
Need for SpeedNeed for Speed: Porsche Unleashed
10%
Donkey KongDonkey Kong Jungle Beat Wii
10%
Total WarMedieval II: Total War
9.3%
The SimsThe Sims: Superstar
9.3%
Guitar HeroGuitar Hero Encore: Rocks the 80s
8.7%
Guitar HeroGuitar Hero Smash Hits
8.7%
Need for SpeedNeed for Speed: ProStreet
8%
The Sims 2The Sims 2: Nightlife
7.3%
The Sims 2The Sims 2: Pets
7.3%
Need for SpeedNeed for Speed: Carbon
7.3%
Tom Clancy's Ghost Recon/Splinter CellTom Clancy's Ghost Recon 2: Summit Strike
7.3%
Dragon QuestDragon Warrior III
7.3%
Dragon QuestDragon Warrior VII
7.3%
The SimsThe Sims: Unleashed
6.7%
Donkey KongDonkey Konga 3: All You Can Eat! Spring 50 Song Mix
6.7%
The Sims 2The Sims 2: FreeTime
6%
Dragon QuestDragon Quest VI: Realms of Reverie
6%
Donkey KongDonkey Kong Jungle Beat
6%
Call of DutyCall of Duty: United Offensive
5.3%
Call of DutyCall of Duty 2: Big Red One
5.3%
The Sims 2The Sims 2: Bon Voyage
4.7%
Need for SpeedNeed For Speed: Shift
4.7%
Grand Theft AutoGrand Theft Auto: London, 1969
4.7%
Total WarRome: Total War: Alexander
4%
The Sims 2The Sims 2: Seasons
4%
Total WarRome: Total War: Barbarian Invasion
3.3%
Need for SpeedNeed for Speed: Nitro
3.3%
Dragon QuestDragon Quest IV: Chapters of the Chosen
3.3%
Tom Clancy's Ghost Recon/Splinter CellTom Clancy's Ghost Recon: Desert Siege
2.7%
Tom Clancy's Ghost Recon/Splinter CellTom Clancy's Ghost Recon: Island Thunder
2.7%
Dragon QuestDragon Quest V: Hand of the Heavenly Bride
2.7%
Need for SpeedNeed for Speed: High Stakes
2%
Donkey KongDonkey Kong Barrel Blast
2%
Total WarMedieval II: Total War: Kingdoms
1.3%
Total WarMedieval: Total War: Viking Invasion
0.7%
Total WarEmpire: Total War: The Warpath Campaign
0.7%
Total WarShogun: Total War: Mongol Invasion
0.7%
Total WarNapoleon: Total War: The Peninsular Campaign
0.7%
Remove Ads.
Support Sporcle.
Get the best of Sporcle when you Go Orange. This ad-free experience offers more features, more stats, and more fun while also helping to support Sporcle. Thank you for becoming a member.

You're not logged in!

Compare scores with friends on all Sporcle quizzes.
OR
Log In

Show Comments

Extras

Top Quizzes Today


Score Distribution

Your Account Isn't Verified!

In order to create a playlist on Sporcle, you need to verify the email address you used during registration. Go to your Sporcle Settings to finish the process.

Report this User

Report this user for behavior that violates our Community Guidelines.

Details: